[Event "4NCL Division 2d"]
[Site "Telford, ENG"]
[Date "2019.05.06"]
[Round "11.66"]
[White "Punnett, Alan K"]
[Black "Page, Mark E"]
[Result "1/2-1/2"]
[WhiteElo "1996"]
[BlackElo "2107"]
[PlyCount "73"]
[EventDate "2019.05.06"]
[WhiteTeam "Guildford 3"]
[BlackTeam "Warwickshire Select 1"]

1. e4 c5 2. Nc3 a6 3. g3 b5 4. Bg2 Bb7 5. Nge2 b4 6. Na4 e5 7. O-O Nf6 8. d3
Be7 9. Be3 d6 10. c3 Nbd7 11. f3 O-O 12. d4 cxd4 13. cxd4 Bc6 14. Rc1 Bb5 15.
Re1 Qa5 16. b3 Rac8 17. Bh3 Rxc1 18. Nxc1 Bxa4 19. bxa4 exd4 20. Bxd4 Ne5 21.
f4 Nc6 22. Bf2 Rd8 23. Qc2 Nb8 24. Bg2 Nbd7 25. Nd3 Ng4 26. Bd4 Nc5 27. h3 Nxd3
28. Qxd3 Nf6 29. Rc1 Qxa4 30. Rc7 Rd7 31. Rc8+ Rd8 32. Qc4 Rxc8 33. Qxc8+ Bf8
34. Kh2 Qd7 35. Qxa6 Qe6 36. Qa8 Nd7 37. Qb7 1/2-1/2

[Event "4NCL Division 2d"]
[Site "Telford, ENG"]
[Date "2019.05.06"]
[Round "11.67"]
[White "Baruch, Andrew J D"]
[Black "Shepley, Julien M"]
[Result "1-0"]
[WhiteElo "2035"]
[BlackElo "1947"]
[PlyCount "67"]
[EventDate "2019.05.06"]
[WhiteTeam "Warwickshire Select 1"]
[BlackTeam "Guildford 3"]

1. c4 d6 2. g3 e5 3. Bg2 f5 4. d3 Nf6 5. f4 Be7 6. Nc3 Nbd7 7. Nf3 O-O 8. O-O
a5 9. Kh1 Qe8 10. Be3 Ng4 11. Bg1 exf4 12. gxf4 Qh5 13. Qe1 Nc5 14. Qg3 Bd7 15.
Nd5 Bd8 16. Ne1 Bh4 17. Qh3 Ne5 18. Bxc5 Ng4 19. Bd4 c6 20. Nb6 Rad8 21. Nxd7
Rxd7 22. e4 g6 23. exf5 gxf5 24. Bf3 Kf7 25. Bf2 Nxf2+ 26. Rxf2 Qh6 27. Qxf5+
Ke7 28. Re2+ Kd8 29. Qxa5+ Kc8 30. Bg4 Qxf4 31. Qh5 Bg5 32. Re8+ Bd8 33. Rxf8
Qxf8 34. Qf5 1-0

[Event "4NCL Division 2d"]
[Site "Telford, ENG"]
[Date "2019.05.06"]
[Round "11.68"]
[White "Stimpson, Philip M"]
[Black "Dicen, Imogen"]
[Result "1/2-1/2"]
[WhiteElo "1933"]
[BlackElo "1832"]
[PlyCount "102"]
[EventDate "2019.05.06"]
[WhiteTeam "Guildford 3"]
[BlackTeam "Warwickshire Select 1"]

1. e4 c5 2. Nc3 Nc6 3. Nf3 d6 4. Bb5 Bd7 5. O-O Nf6 6. d4 cxd4 7. Nxd4 g6 8.
Be3 Bg7 9. Qd2 O-O 10. Bxc6 bxc6 11. Bh6 c5 12. Nf3 Re8 13. Bxg7 Kxg7 14. Rfe1
Qb6 15. b3 Rad8 16. Nd5 Qc6 17. Rad1 Bc8 18. c4 e5 19. Nxf6 Kxf6 20. Qh6 Ke7
21. Ng5 Be6 22. Nxh7 Rh8 23. Qg5+ Kd7 24. Nf6+ Kc8 25. Nd5 Bxd5 26. Rxd5 Rd7
27. Qf6 Re8 28. Red1 Re6 29. Qg5 Kc7 30. Qe3 Qb6 31. Qc3 a5 32. a3 Rf6 33. f3
Re6 34. Kf1 Re8 35. b4 axb4 36. axb4 Qxb4 37. Qxb4 cxb4 38. Rb5 Rb8 39. Rb1
Rxb5 40. cxb5 Kb6 41. Rxb4 d5 42. exd5 Rxd5 43. Rb2 Rxb5 44. Rxb5+ Kxb5 45. h4
Kc6 46. g4 Kd6 47. Ke2 Ke6 48. Ke3 f6 49. Ke4 f5+ 50. gxf5+ gxf5+ 51. Kd3 e4+
1/2-1/2

[Event "4NCL Division 2d"]
[Site "Telford, ENG"]
[Date "2019.05.06"]
[Round "11.71"]
[White "Alienkin, Aleksander"]
[Black "Pye, David E"]
[Result "1-0"]
[WhiteElo "2372"]
[BlackElo "2200"]
[PlyCount "107"]
[EventDate "2019.05.06"]
[WhiteTeam "Manchester Manticores 1"]
[BlackTeam "Wessex A"]

1. d4 Nf6 2. Nf3 e6 3. c4 Bb4+ 4. Bd2 Qe7 5. g3 O-O 6. Bg2 Bxd2+ 7. Qxd2 d6 8.
Nc3 Re8 9. O-O e5 10. e4 Bg4 11. Ne1 exd4 12. Qxd4 Nc6 13. Qd2 Rad8 14. h3 Bc8
15. b3 a5 16. Nc2 b6 17. Rae1 Bb7 18. Nd5 Qe5 19. Nxc7 Rf8 20. Nd5 Nd7 21. Nce3
g6 22. Rd1 Kh8 23. f4 Qg7 24. Qc3 Na7 25. Rd2 Nc8 26. Rfd1 Nc5 27. e5 dxe5 28.
fxe5 h5 29. Nf6 Rxd2 30. Qxd2 Bxg2 31. Kxg2 Qh6 32. Ned5 Qxd2+ 33. Rxd2 Kg7 34.
Nc7 Ne7 35. Nce8+ Kh6 36. Rd6 Ng8 37. Rxb6 Nxf6 38. Nxf6 a4 39. b4 Nd3 40. c5
Nxe5 41. b5 Nc4 42. Ra6 Rd8 43. Rxa4 Rd2+ 44. Kf3 Rd4 45. Rxc4 Rxc4 46. Nd7 h4
47. gxh4 Rxh4 48. b6 Rxh3+ 49. Kg2 Ra3 50. b7 Rxa2+ 51. Kf3 Ra3+ 52. Ke2 Rb3
53. b8=Q Rxb8 54. Nxb8 1-0

[Event "4NCL Division 2d"]
[Site "Telford, ENG"]
[Date "2019.05.06"]
[Round "11.72"]
[White "Wilson, Jaimie"]
[Black "Polaczek, Richard"]
[Result "1/2-1/2"]
[WhiteElo "2109"]
[BlackElo "2375"]
[PlyCount "163"]
[EventDate "2019.05.06"]
[WhiteTeam "Wessex A"]
[BlackTeam "Manchester Manticores 1"]

1. c4 e6 2. Nc3 d5 3. e3 Nf6 4. Nf3 a6 5. b3 c5 6. cxd5 exd5 7. d4 Nc6 8. Be2
Bg4 9. O-O Rc8 10. dxc5 Bxc5 11. Bb2 O-O 12. Nd4 Be6 13. Nxc6 Rxc6 14. Bf3 Qd6
15. Na4 Ba7 16. Bxf6 gxf6 17. Qd2 Rfc8 18. Rac1 Qc7 19. Rxc6 Qxc6 20. Rd1 Qc2
21. h3 b5 22. Nb2 Qf5 23. Nd3 d4 24. exd4 Bxd4 25. Nf4 Bxf2+ 26. Kh1 Qg5 27.
Nxe6 Qxd2 28. Rxd2 Rc1+ 29. Rd1 Rxd1+ 30. Bxd1 fxe6 31. a4 bxa4 32. bxa4 a5 33.
g4 h5 34. Kg2 Be3 35. Kf3 Bc1 36. Ke4 h4 37. Bb3 Kf7 38. Bc4 Ke7 39. Ba2 Kd6
40. Bc4 Bg5 41. Bb3 e5 42. Kd3 Kc5 43. Be6 Kb4 44. Bd7 Kb3 45. Bc6 Kb2 46. Be4
Kc1 47. Ke2 Bf4 48. Bf5 Bh6 49. Be4 Bg5 50. Bf5 Kb2 51. Kd3 Kb3 52. Bd7 Kb4 53.
Bc6 Kc5 54. Be4 Bh6 55. Bf3 Kb4 56. Bc6 Bg5 57. Bd7 Kb3 58. Bc6 Bh6 59. Bd7 Kb2
60. Bf5 Ka3 61. Bd7 Kb3 62. Bc6 Kb4 63. Bd7 Bc1 64. Bc6 Kc5 65. Be4 Kd6 66. Kc4
Bd2 67. Kd3 Bb4 68. Kc4 Ke7 69. Kd5 Kf7 70. Bd3 Bd2 71. Be4 Kg7 72. Ke6 Bg5 73.
Bf5 Kf8 74. Bg6 Kg7 75. Bf5 Bd2 76. Be4 Bc3 77. Bf5 Bb2 78. Be4 Bc3 79. Bf5 Kh6
80. Kd5 Kg5 81. Ke4 Bb4 82. Bd7 1/2-1/2

[Event "4NCL Division 2d"]
[Site "Telford, ENG"]
[Date "2019.05.06"]
[Round "11.73"]
[White "Hamer, Martyn"]
[Black "Pleasants, Allan J"]
[Result "1/2-1/2"]
[WhiteElo "2132"]
[BlackElo "2075"]
[PlyCount "39"]
[EventDate "2019.05.06"]
[WhiteTeam "Manchester Manticores 1"]
[BlackTeam "Wessex A"]

1. d4 g6 2. e4 Bg7 3. Nc3 d6 4. Nge2 Nf6 5. g3 O-O 6. Bg2 Nc6 7. h3 e5 8. Be3
exd4 9. Nxd4 Nxd4 10. Bxd4 Re8 11. O-O Be6 12. Re1 Qd7 13. Kh2 Rad8 14. Qd2 a6
15. Nd5 Bxd5 16. exd5 Rxe1 17. Rxe1 Re8 18. Rxe8+ Nxe8 19. Bxg7 Nxg7 20. b4
1/2-1/2

[Event "4NCL Division 2d"]
[Site "Telford, ENG"]
[Date "2019.05.06"]
[Round "11.74"]
[White "Lukosius, Rolandas"]
[Black "Kay, Lee P"]
[Result "1/2-1/2"]
[WhiteElo "2072"]
[BlackElo "2087"]
[PlyCount "54"]
[EventDate "2019.05.06"]
[WhiteTeam "Wessex A"]
[BlackTeam "Manchester Manticores 1"]

1. d4 e6 2. c4 f5 3. Nc3 Nf6 4. g3 Be7 5. Bg2 O-O 6. Nf3 d6 7. O-O Ne4 8. Nxe4
fxe4 9. Ne1 d5 10. Bf4 Bf6 11. Rc1 Nc6 12. Nc2 a5 13. Kh1 Rf7 14. cxd5 exd5 15.
a3 Bf5 16. b4 axb4 17. axb4 Be6 18. b5 Na5 19. Ra1 Nc4 20. Ne3 Rxa1 21. Qxa1
Nd6 22. Qb2 b6 23. Rc1 g5 24. Bxd6 Qxd6 25. Kg1 h5 26. Qc3 Qd8 27. Qc6 Qd7
1/2-1/2

[Event "4NCL Division 2d"]
[Site "Telford, ENG"]
[Date "2019.05.06"]
[Round "11.75"]
[White "Peacock, Malcolm R"]
[Black "McDougall, William"]
[Result "0-1"]
[WhiteElo "2087"]
[BlackElo "2068"]
[PlyCount "70"]
[EventDate "2019.05.06"]
[WhiteTeam "Manchester Manticores 1"]
[BlackTeam "Wessex A"]

1. c4 e5 2. g3 c6 3. d4 e4 4. Nc3 d5 5. cxd5 cxd5 6. Nh3 Bb4 7. Bd2 Nc6 8. Nf4
Nf6 9. a3 Bxc3 10. Bxc3 O-O 11. h4 Re8 12. Bg2 e3 13. f3 Ne7 14. Rg1 Nf5 15.
Qb3 Nxg3 16. Bf1 Qd6 17. Nd3 Nxf1 18. Rxf1 Qg3+ 19. Kd1 Qg2 20. Re1 Bf5 21. Nf4
Qf2 22. Nxd5 Nxd5 23. Qxd5 Be6 24. Qb5 a6 25. Qb6 Rec8 26. Rc1 Bd5 27. Rc2 h5
28. Ba5 Rxc2 29. Kxc2 Bxf3 30. Kd1 Rc8 31. Qb3 Be4 32. Bc3 Qxh4 33. Qb6 Bd5 34.
Rf1 Qe4 35. Kc1 Ba2 0-1

[Event "4NCL Division 2d"]
[Site "Telford, ENG"]
[Date "2019.05.06"]
[Round "11.76"]
[White "Westrap, Christian F"]
[Black "Rahulan, Thivyaa"]
[Result "1-0"]
[WhiteElo "2035"]
[BlackElo "1975"]
[PlyCount "113"]
[EventDate "2019.05.06"]
[WhiteTeam "Wessex A"]
[BlackTeam "Manchester Manticores 1"]

1. d4 f5 2. g3 Nf6 3. Bg2 g6 4. Nf3 Bg7 5. O-O d6 6. c4 c6 7. Nc3 O-O 8. b3 Re8
9. Bb2 Nbd7 10. d5 c5 11. Ng5 Nf8 12. h4 h6 13. Nh3 a6 14. Qc2 Bd7 15. a4 b6
16. Nf4 Kh7 17. Ne6 Qc8 18. Nxg7 Kxg7 19. e4 N8h7 20. Rae1 fxe4 21. Nxe4 b5 22.
axb5 axb5 23. Re3 bxc4 24. bxc4 Bf5 25. Qc3 Kf7 26. Rfe1 Qd7 27. Nd2 Ra7 28.
Be4 Bxe4 29. Nxe4 Qd8 30. Rf3 Rf8 31. g4 g5 32. hxg5 hxg5 33. Qe3 Rg8 34. Ng3
Qd7 35. Nf5 Rg6 36. Kg2 Rb7 37. Ba1 Ra7 38. Rh1 Nf8 39. Kg3 Qd8 40. Bc3 Ra3 41.
Re1 Ra7 42. Kg2 Rb7 43. Qe2 Ra7 44. Re3 Ng8 45. Rh1 Nf6 46. Re1 Ng8 47. Bb2 Rb7
48. Rf3 Nf6 49. Ng3 Qc8 50. Rf5 N8h7 51. Nh5 Qd7 52. Bc1 Ra7 53. Rh1 Rb7 54.
Nxf6 Nxf6 55. Bxg5 Ra7 56. Qf3 Kg7 57. Bxf6+ 1-0

[Event "4NCL Division 2d"]
[Site "Telford, ENG"]
[Date "2019.05.06"]
[Round "11.77"]
[White "Niedbal, Piotr"]
[Black "De Coverly, Roger D"]
[Result "1/2-1/2"]
[WhiteElo "2020"]
[BlackElo "1953"]
[PlyCount "132"]
[EventDate "2019.05.06"]
[WhiteTeam "Manchester Manticores 1"]
[BlackTeam "Wessex A"]

1. e4 e5 2. Nf3 Nc6 3. Bc4 Be7 4. O-O Nf6 5. d3 O-O 6. c3 d6 7. Bb3 Na5 8. Bc2
c5 9. Nbd2 b5 10. a4 b4 11. Re1 Rb8 12. h3 Re8 13. Nb3 bxc3 14. bxc3 Be6 15.
Rb1 h6 16. Be3 Qc7 17. Nxa5 Qxa5 18. Qd2 Bf8 19. Nh4 d5 20. exd5 Nxd5 21. c4
Nb4 22. Nf3 Bf5 23. Qc3 Qc7 24. Nd2 Bg6 25. Nf3 Rbd8 26. Rbd1 a5 27. Bb1 f6 28.
Bc1 Re6 29. Nh4 Be8 30. f4 Bxa4 31. Rd2 Rde8 32. Rde2 Bd7 33. fxe5 Rxe5 34.
Rxe5 Rxe5 35. Ng6 Rxe1+ 36. Qxe1 Bf5 37. Bf4 Qd7 38. Nxf8 Kxf8 39. Qg3 Qd4+ 40.
Be3 Qe5 41. Qxe5 fxe5 42. Bxc5+ Ke8 43. Bxb4 axb4 44. Kf2 Kd7 45. Ke3 Kc6 46.
Bc2 Kc5 47. Bb3 h5 48. h4 g6 49. g3 Bd7 50. Bc2 Bc6 51. Bb3 Bb7 52. Ba2 Bg2 53.
Bb3 Bc6 54. Ba2 Ba4 55. Bb1 Bd1 56. Kd2 Bg4 57. Kc2 e4 58. dxe4 Kxc4 59. Kb2
Kd4 60. e5 Kxe5 61. Bxg6 Kd4 62. Kb3 Kc5 63. Bf7 Bd1+ 64. Kb2 Kd4 65. Bg6 Ke3
66. Bxh5 Bxh5 1/2-1/2

[Event "4NCL Division 2d"]
[Site "Telford, ENG"]
[Date "2019.05.06"]
[Round "11.78"]
[White "Jaufarally, Nadia"]
[Black "Mulleady, Peter J"]
[Result "1-0"]
[WhiteElo "1859"]
[BlackElo "1990"]
[PlyCount "79"]
[EventDate "2019.05.06"]
[WhiteTeam "Wessex A"]
[BlackTeam "Manchester Manticores 1"]

1. e4 c5 2. Nf3 Nc6 3. Bb5 g6 4. Bxc6 dxc6 5. d3 Bg7 6. Nc3 b6 7. Be3 e5 8. h3
h6 9. a4 a5 10. Qd2 Ne7 11. Nh2 f5 12. f4 exf4 13. Bxf4 g5 14. Bg3 f4 15. Bf2
Ng6 16. O-O-O Be6 17. Nf3 Ne5 18. Ne2 Qc7 19. h4 O-O-O 20. hxg5 Nxf3 21. gxf3
hxg5 22. Rxh8 Bxh8 23. Qe1 g4 24. Qd2 Rf8 25. fxg4 Bxg4 26. Rg1 Be6 27. Rh1 Qg7
28. Qc3 Qg8 29. Qe1 Bg4 30. Rg1 Qe6 31. Qd2 Qa2 32. c3 Qa1+ 33. Kc2 Qxa4+ 34.
Kb1 Bxe2 35. Qxe2 Qb3 36. Qg4+ Kb8 37. Be1 f3 38. Bd2 a4 39. Qd7 Rc8 40. Bf4+
1-0

[Event "4NCL Division 2d"]
[Site "Telford, ENG"]
[Date "2019.05.06"]
[Round "11.81"]
[White "Bak, Christopher"]
[Black "Bullen, Alex"]
[Result "0-1"]
[WhiteElo "2043"]
[BlackElo "2100"]
[PlyCount "140"]
[EventDate "2019.05.06"]
[WhiteTeam "Bradford DCA Knights A"]
[BlackTeam "West is Best 2"]

1. e4 c6 2. d4 d5 3. e5 Bf5 4. Nd2 e6 5. Nb3 Nd7 6. Nf3 Ne7 7. Be2 Nc8 8. O-O
Be7 9. a4 O-O 10. a5 a6 11. c4 dxc4 12. Bxc4 Na7 13. Ne1 Nxe5 14. Be2 Nd7 15.
Bf4 Nb5 16. Nd3 Nc7 17. Qd2 Nd5 18. Bg3 Rc8 19. Ndc5 Nxc5 20. Nxc5 Bxc5 21.
dxc5 Nf6 22. Qb4 Qd7 23. Rfd1 Nd5 24. Qb3 f6 25. Bd6 Rfd8 26. Bc4 Qf7 27. Bxd5
cxd5 28. Rac1 Qd7 29. Qg3 Re8 30. Qa3 Qc6 31. Qb3 Bg6 32. h3 Bf7 33. Rd4 e5 34.
Rb4 d4 35. Qa3 Bd5 36. Rb6 Qd7 37. Qd3 Qf7 38. Qf1 Qg6 39. Rd1 Qc2 40. Rc1 Qd2
41. b4 Bc6 42. Rd1 Qc3 43. Qe2 Qb3 44. Rd2 Qd5 45. Qf1 Re6 46. Rc2 Rce8 47.
Rxc6 Qxc6 48. Qc4 Kh8 49. Qd3 Qd5 50. Rd2 Rc8 51. Qf5 Ree8 52. Rd3 Qe6 53. Qe4
Qd7 54. g4 Qf7 55. Rf3 Rc6 56. Kg2 Re6 57. Rd3 Rexd6 58. cxd6 Rxd6 59. f4 Qd5
60. Kf3 Kg8 61. Qxd5+ Rxd5 62. Ke4 Rb5 63. fxe5 fxe5 64. Rf3 Rxb4 65. Kxe5 Rb5+
66. Kxd4 Rxa5 67. Kc4 Re5 68. Kd4 Re7 69. Kc5 Rf7 70. Rd3 h6 0-1

[Event "4NCL Division 2d"]
[Site "Telford, ENG"]
[Date "2019.05.06"]
[Round "11.82"]
[White "Edgell, Ben P"]
[Black "Eagleton, Greg T"]
[Result "1/2-1/2"]
[WhiteElo "2143"]
[BlackElo "2068"]
[PlyCount "31"]
[EventDate "2019.05.06"]
[WhiteTeam "West is Best 2"]
[BlackTeam "Bradford DCA Knights A"]

1. d4 d5 2. Nf3 Nf6 3. c3 c5 4. a3 cxd4 5. cxd4 g6 6. Nc3 Bg7 7. g3 O-O 8. Bg2
Nc6 9. O-O Ne4 10. e3 f5 11. Ne2 Qd6 12. b4 b6 13. Qd3 a6 14. Bb2 Bb7 15. Qb3
Rac8 16. Rfd1 1/2-1/2

[Event "4NCL Division 2d"]
[Site "Telford, ENG"]
[Date "2019.05.06"]
[Round "11.83"]
[White "Nicholson, Jim W R"]
[Black "Freeland, Alex"]
[Result "0-1"]
[WhiteElo "1992"]
[BlackElo "2046"]
[PlyCount "44"]
[EventDate "2019.05.06"]
[WhiteTeam "Bradford DCA Knights A"]
[BlackTeam "West is Best 2"]

1. d4 Nf6 2. Nf3 e6 3. Bg5 c5 4. e3 Qb6 5. Qc1 Ne4 6. Bh4 d5 7. c3 Bd6 8. Nbd2
f5 9. Be2 Nd7 10. Nxe4 fxe4 11. Nd2 e5 12. f3 exd4 13. exd4 cxd4 14. fxe4 O-O
15. Nf3 dxc3 16. bxc3 dxe4 17. Nd4 Nc5 18. a4 Nd3+ 19. Bxd3 exd3 20. Bf2 Bf4
21. Qd1 d2+ 22. Kf1 Be3 0-1

[Event "4NCL Division 2d"]
[Site "Telford, ENG"]
[Date "2019.05.06"]
[Round "11.85"]
[White "Ther, Mate"]
[Black "Davies, Matthew"]
[Result "0-1"]
[WhiteElo "2012"]
[BlackElo "1932"]
[PlyCount "130"]
[EventDate "2019.05.06"]
[WhiteTeam "Bradford DCA Knights A"]
[BlackTeam "West is Best 2"]

1. e4 e6 2. d4 d5 3. e5 c5 4. c3 Nc6 5. Nf3 Qb6 6. a3 c4 7. Nbd2 Bd7 8. b4 a5
9. Bb2 Be7 10. Be2 Nh6 11. O-O Nf5 12. Qc2 axb4 13. axb4 O-O 14. Rfb1 Rfb8 15.
Nf1 Qd8 16. Bc1 Rxa1 17. Rxa1 Ra8 18. Ra2 Qb8 19. g4 Nh4 20. Nxh4 Bxh4 21. f4
Rxa2 22. Qxa2 Qa7 23. Qb2 Be7 24. Be3 Nb8 25. Ng3 Ba4 26. Bf3 Bb3 27. f5 Qa2
28. Qxa2 Bxa2 29. g5 g6 30. fxe6 fxe6 31. Bd1 Bb1 32. Kf2 Kf7 33. Ke2 Bd3+ 34.
Kd2 b5 35. Nh1 Nc6 36. Bf3 Bd8 37. Nf2 Bf5 38. Bg4 Ne7 39. Bf4 Bb1 40. Kc1 Bf5
41. Bxf5 Nxf5 42. Ng4 Be7 43. Nf6 Bxf6 44. exf6 Nh4 45. Kd1 Ng2 46. Bd2 Nh4 47.
Ke2 Nf5 48. Bf4 Ke8 49. Bg3 Kf8 50. Kf3 Kf7 51. Kf4 Nd6 52. Bf2 Ne4 53. Be1 h6
54. gxh6 Kxf6 55. h4 Nd6 56. Kg4 Ne4 57. Bg3 Kf7 58. Be5 Kg8 59. Bf4 Kh7 60.
Be3 Nxc3 61. Kf4 Na2 62. Ke5 Nxb4 63. Kxe6 c3 64. Kd6 Nc2 65. Bf2 b4 0-1

[Event "4NCL Division 2d"]
[Site "Telford, ENG"]
[Date "2019.05.06"]
[Round "11.86"]
[White "Camp, Imogen A L"]
[Black "Jennings, Roger W"]
[Result "1/2-1/2"]
[WhiteElo "1990"]
[BlackElo "2001"]
[PlyCount "40"]
[EventDate "2019.05.06"]
[WhiteTeam "West is Best 2"]
[BlackTeam "Bradford DCA Knights A"]

1. d4 g6 2. c4 Bg7 3. Nc3 Nf6 4. e4 d6 5. Nf3 O-O 6. Be2 Bg4 7. Be3 Nbd7 8. h3
Bxf3 9. Bxf3 c6 10. Qd2 e5 11. d5 cxd5 12. Nxd5 Nxd5 13. Qxd5 Qc7 14. b3 Nc5
15. O-O Ne6 16. Rac1 b6 17. Rfd1 Nd4 18. b4 Qe7 19. Bxd4 exd4 20. a4 Qe5
1/2-1/2

[Event "4NCL Division 2d"]
[Site "Telford, ENG"]
[Date "2019.05.06"]
[Round "11.87"]
[White "Gardiner, Eric D"]
[Black "Gregory, Andrew M"]
[Result "1-0"]
[WhiteElo "1959"]
[BlackElo "1933"]
[PlyCount "37"]
[EventDate "2019.05.06"]
[WhiteTeam "Bradford DCA Knights A"]
[BlackTeam "West is Best 2"]

1. d4 d5 2. c4 c6 3. Nf3 Nf6 4. Nc3 e6 5. b3 Be7 6. e3 Ne4 7. Nxe4 dxe4 8. Nd2
f5 9. Bb2 O-O 10. Be2 Nd7 11. Qc2 b6 12. O-O Bb7 13. f3 exf3 14. Bxf3 Qc7 15.
e4 Bd6 16. g3 f4 17. e5 Be7 18. Be4 h6 19. gxf4 1-0

[Event "4NCL Division 2d"]
[Site "Telford, ENG"]
[Date "2019.05.06"]
[Round "11.88"]
[White "Hurley, Jake"]
[Black "Patrick, David A"]
[Result "0-1"]
[WhiteElo "1855"]
[BlackElo "1887"]
[PlyCount "62"]
[EventDate "2019.05.06"]
[WhiteTeam "West is Best 2"]
[BlackTeam "Bradford DCA Knights A"]

1. e4 e6 2. b3 d5 3. Bb2 dxe4 4. Nc3 Nf6 5. Qe2 Bd7 6. g4 Bc6 7. Bg2 h6 8.
O-O-O Qe7 9. h4 Na6 10. g5 Nd5 11. Nxe4 Nab4 12. gxh6 Rxh6 13. Nh3 Nxa2+ 14.
Kb1 Nab4 15. c4 Nf6 16. Nhg5 Nxe4 17. Bxe4 O-O-O 18. d4 Bxe4+ 19. Qxe4 Qe8 20.
Qe3 Kb8 21. Bc3 f6 22. Nxe6 Qg6+ 23. Rd3 Nxd3 24. Nxf8 Rxf8 25. h5 Rxh5 26.
Rxh5 Nb4+ 27. Kb2 Qxh5 28. Bxb4 Re8 29. Qg3 Qe2+ 30. Ka3 Re6 31. Ba5 b6 0-1

[Event "4NCL Division 2d"]
[Site "Telford, ENG"]
[Date "2019.03.17"]
[Round "8.51"]
[White "Zeidler, Sven P"]
[Black "Richardson, John R"]
[Result "1/2-1/2"]
[WhiteElo "2164"]
[BlackElo "2320"]
[PlyCount "44"]
[EventDate "2019.03.17"]
[WhiteTeam "West is Best 2"]
[BlackTeam "The ADs"]

1. e4 d5 2. exd5 Qxd5 3. Nf3 Bg4 4. Be2 Nc6 5. O-O e5 6. Re1 O-O-O 7. Nxe5 Bxe2
8. Qxe2 Nd4 9. Qd1 Bd6 10. Nc3 Qe6 11. f4 f6 12. Nc6 Qxe1+ 13. Qxe1 bxc6 14. d3
Nh6 15. Qd1 Rhe8 16. Bd2 f5 17. Na4 Ng4 18. h3 Ne2+ 19. Kf1 Ng3+ 20. Kg1 Ne2+
21. Kf1 Ng3+ 22. Kg1 Ne2+ 1/2-1/2

[Event "4NCL Division 2d"]
[Site "Telford, ENG"]
[Date "2019.03.17"]
[Round "8.52"]
[White "Baker, Chris W"]
[Black "Bullen, Alex"]
[Result "1-0"]
[WhiteElo "2274"]
[BlackElo "2114"]
[PlyCount "87"]
[EventDate "2019.03.17"]
[WhiteTeam "The ADs"]
[BlackTeam "West is Best 2"]

1. e4 c6 2. d4 d5 3. Nd2 dxe4 4. Nxe4 Bf5 5. Ng3 Bg6 6. N1e2 e6 7. Nf4 Bd6 8.
c3 Nf6 9. h4 Bxf4 10. Bxf4 h6 11. Qb3 Qb6 12. Bc4 O-O 13. h5 Bh7 14. O-O Nbd7
15. Rfe1 Rfe8 16. Bd6 c5 17. Qxb6 axb6 18. Bb5 Rec8 19. a4 cxd4 20. cxd4 Nb8
21. Rec1 Nc6 22. Bxc6 Rxc6 23. Rxc6 bxc6 24. b4 Rd8 25. Bc7 Rxd4 26. a5 bxa5
27. bxa5 Nd5 28. Bd6 Bc2 29. Ra2 Rd1+ 30. Kh2 Bd3 31. a6 Nb6 32. Rb2 Bb5 33.
Bc5 Na8 34. Ne4 Rd5 35. Be3 Kf8 36. g4 Rd8 37. a7 Ke8 38. Nc3 Ba6 39. Bc5 f5
40. gxf5 exf5 41. Rb8 Bc4 42. Na4 Bd5 43. Bb6 Nxb6 44. Nxb6 1-0

[Event "4NCL Division 2d"]
[Site "Telford, ENG"]
[Date "2019.03.17"]
[Round "8.53"]
[White "Morris, Charles F"]
[Black "Swindells, Jonathan E"]
[Result "0-1"]
[WhiteElo "2100"]
[BlackElo "2252"]
[PlyCount "124"]
[EventDate "2019.03.17"]
[WhiteTeam "West is Best 2"]
[BlackTeam "The ADs"]

1. c4 g6 2. g3 Bg7 3. Bg2 Nf6 4. Nc3 O-O 5. e4 d6 6. Nge2 c5 7. O-O Nc6 8. d3
Ne8 9. Be3 Nc7 10. d4 cxd4 11. Nxd4 Bd7 12. Nde2 Ne5 13. b3 b5 14. cxb5 Nxb5
15. Rc1 Ng4 16. Bd2 Rc8 17. h3 Nf6 18. a4 Nxc3 19. Nxc3 Rb8 20. Nd5 Nxd5 21.
exd5 a5 22. Qe1 Rxb3 23. Bxa5 Qe8 24. Rc7 Ra3 25. Bb6 Rxa4 26. Qe3 Bf6 27. Rfc1
h5 28. h4 Bf5 29. R1c6 Qa8 30. Kh2 Re8 31. Bh3 Bxh3 32. Kxh3 Ra3 33. Qc1 Ra1
34. Qf4 Qa4 35. Rc8 Rxc8 36. Rxc8+ Kg7 37. Qxa4 Rxa4 38. Rc2 Rb4 39. Be3 Bd4
40. Re2 Bxe3 41. Rxe3 Kf8 42. Rd3 Re4 43. Kg2 Kg7 44. Kf1 f6 45. f3 Ra4 46. Ke2
Ra2+ 47. Ke3 g5 48. hxg5 fxg5 49. f4 g4 50. Kd4 Kf6 51. Rc3 Kf5 52. Rc7 Ra4+
53. Ke3 Ra3+ 54. Kf2 Kf6 55. Rc8 Rf3+ 56. Kg2 Rd3 57. Rf8+ Kg6 58. Rg8+ Kf5 59.
Rg7 Rd2+ 60. Kf1 Ke4 61. Ke1 Rxd5 62. Ke2 e5 0-1

[Event "4NCL Division 2d"]
[Site "Telford, ENG"]
[Date "2019.03.17"]
[Round "8.54"]
[White "Wheeler, Darren P"]
[Black "Taylor, William J"]
[Result "1-0"]
[WhiteElo "2260"]
[BlackElo "2072"]
[PlyCount "81"]
[EventDate "2019.03.17"]
[WhiteTeam "The ADs"]
[BlackTeam "West is Best 2"]

1. e4 e5 2. Nf3 Nc6 3. Bb5 a6 4. Bxc6 dxc6 5. O-O Qf6 6. d4 exd4 7. Qxd4 Bg4 8.
Bg5 Qxd4 9. Nxd4 f6 10. Be3 O-O-O 11. f3 Bc5 12. Nf5 Bxe3+ 13. Nxe3 Be6 14. Nc3
Ne7 15. Rad1 b6 16. f4 c5 17. Kf2 Rd4 18. Kf3 Rhd8 19. a3 Kb7 20. Ne2 Rxd1 21.
Rxd1 Rxd1 22. Nxd1 Kc6 23. g4 b5 24. h4 Kd6 25. g5 Nc6 26. c3 Na5 27. Ne3 Nb3
28. Ng3 Bd7 29. Nef5+ Ke6 30. Nxg7+ Kf7 31. gxf6 Kxf6 32. N3h5+ Ke7 33. f5 Nd2+
34. Kf4 Nc4 35. e5 Nxb2 36. e6 Bc6 37. f6+ Kf8 38. Nf5 Nd1 39. Nh6 Nxc3 40. e7+
Ke8 41. Ng7+ 1-0

[Event "4NCL Division 2d"]
[Site "Telford, ENG"]
[Date "2019.03.17"]
[Round "8.55"]
[White "Freeland, Alex"]
[Black "Duggan, John E"]
[Result "1-0"]
[WhiteElo "2043"]
[BlackElo "2222"]
[PlyCount "103"]
[EventDate "2019.03.17"]
[WhiteTeam "West is Best 2"]
[BlackTeam "The ADs"]

1. d4 Nf6 2. c4 e6 3. Nc3 Bb4 4. e3 b6 5. Nf3 Bb7 6. Bd3 O-O 7. Qc2 d5 8. cxd5
exd5 9. O-O Re8 10. Ne5 a6 11. Bd2 c5 12. a3 Ba5 13. Rab1 c4 14. b4 cxb3 15.
Qxb3 Nbd7 16. f4 Qe7 17. Be1 Rac8 18. Na4 Bxe1 19. Rbxe1 b5 20. Nc3 Nb6 21.
Nxb5 axb5 22. Qxb5 Na8 23. a4 Red8 24. Rb1 Rc7 25. Rf2 Ne8 26. a5 Nd6 27. Qb4
f6 28. a6 Bc8 29. Nf3 Nc4 30. Bxc4 dxc4 31. Qxe7 Rxe7 32. Rb8 Ra7 33. Rc2 Nc7
34. Rxc4 Kf7 35. Rb7 Bxb7 36. Rxc7+ Kg6 37. axb7 Rb8 38. Nh4+ Kh5 39. Nf5 Rbxb7
40. Nxg7+ Kg6 41. Rxb7 Rxb7 42. Ne6 Rb2 43. e4 f5 44. e5 Rd2 45. h3 h5 46. Kf1
h4 47. Ke1 Rxg2 48. d5 Kf7 49. Nd4 Rh2 50. d6 Rxh3 51. e6+ Ke8 52. d7+ 1-0

[Event "4NCL Division 2d"]
[Site "Telford, ENG"]
[Date "2019.03.17"]
[Round "8.56"]
[White "Snape, Ian L"]
[Black "Homer, Stephen J"]
[Result "1-0"]
[WhiteElo "2170"]
[BlackElo "2059"]
[PlyCount "51"]
[EventDate "2019.03.17"]
[WhiteTeam "The ADs"]
[BlackTeam "West is Best 2"]

1. e4 c5 2. Nf3 Nc6 3. d4 cxd4 4. Nxd4 e5 5. Nb5 d6 6. N1c3 a6 7. Na3 b5 8. Nd5
Nge7 9. Bg5 h6 10. Bxb5 axb5 11. Nxb5 hxg5 12. Ndc7+ Qxc7 13. Nxc7+ Kd7 14.
Nxa8 Bb7 15. Nb6+ Kc7 16. Nd5+ Nxd5 17. exd5 Ne7 18. c4 Nf5 19. O-O Be7 20. a4
Rh4 21. Qd2 Nd4 22. Ra3 Kd7 23. b4 Nf5 24. a5 Rxc4 25. a6 Ba8 26. Qd3 1-0

[Event "4NCL Division 2d"]
[Site "Telford, ENG"]
[Date "2019.03.17"]
[Round "8.57"]
[White "Howell, Oliver W"]
[Black "Ahluwalia, Amardip"]
[Result "0-1"]
[WhiteElo "1997"]
[BlackElo "2132"]
[PlyCount "64"]
[EventDate "2019.03.17"]
[WhiteTeam "West is Best 2"]
[BlackTeam "The ADs"]

1. Nf3 Nf6 2. g3 g6 3. Bg2 Bg7 4. O-O O-O 5. c4 c6 6. d4 d5 7. cxd5 cxd5 8. Nc3
Ne4 9. e3 Nxc3 10. bxc3 Nc6 11. Nd2 Na5 12. Ba3 Re8 13. Rb1 b6 14. Bb4 Ba6 15.
Re1 Nc4 16. Qa4 Nxd2 17. Rbd1 Nf3+ 18. Bxf3 Bc4 19. e4 a5 20. Ba3 b5 21. Qc2 b4
22. cxb4 axb4 23. Bxb4 Rxa2 24. Qc3 e6 25. exd5 Bxd5 26. Bxd5 Qxd5 27. Qc5 Rd8
28. Qe7 Bf8 29. Qf6 Bxb4 30. Re5 Qd6 31. Rb1 Qe7 32. Qf4 Bd6 0-1